|
|
|
|
| LEADER |
00000nab a2200000 a 4500 |
| 001 |
vtls010352031 |
| 003 |
SK-MaSNL |
| 005 |
20260303093410.0 |
| 008 |
120416 2012 xo m p 000 0 cze |
| 015 |
|
|
|a SNBRB2012/04
|2 lmaosk
|
| 040 |
|
|
|a LMAOSK
|b slo
|c LMAOSK
|e AACR2
|
| 041 |
0 |
|
|a cze
|
| 044 |
|
|
|a xo
|c SK
|
| 080 |
|
|
|a 687.44
|2 1981
|
| 100 |
1 |
|
|a Grohmann, Jan
|4 aut
|9 493262
|
| 245 |
1 |
0 |
|a Moderní bojové přilby
|c Jan Grohmann
|
| 300 |
|
|
|b Fotogr.
|
| 650 |
0 |
7 |
|a vojenské prilby
|x vývoj
|x modernizácia
|2 lmaosk
|9 1104493
|
| 650 |
0 |
7 |
|a ochrana hlavy
|x vojenské prilby
|2 lmaosk
|9 1104494
|
| 773 |
0 |
|
|t ATM
|g Roč. 44, č. 4 (2012), s. 12-14
|x 1802-4823
|
| 852 |
|
|
|a LMAOSK
|b KIS3GCP
|
| 958 |
|
|
|a RU
|
| 999 |
|
|
|c 1815482
|d 1817412
|